| Tag |
First Indicator |
Second Indicator |
Subfields |
| LEADER |
00000cam a2200000 a 4500 |
| 001 |
in00000642721 |
| 005 |
20151015053340.0 |
| 008 |
810408s1980 ii bf 00010 eng d |
| 035 |
|
|
|a (OCoLC)07316022
|
| 035 |
|
|
|9 ACU4986AM
|
| 040 |
|
|
|a YSM
|c YSM
|d TXA
|d UtOrBLW
|
| 043 |
|
|
|a a-ii---
|
| 049 |
|
|
|a TXAC
|c [1500824]
|
| 090 |
|
|
|a GA1131
|b .G68
|
| 100 |
1 |
|
|a Gole, Susan,
|d 1935-
|
| 245 |
1 |
2 |
|a A series of early printed maps of India in facsimile /
|c collected by Susan Gole.
|
| 250 |
|
|
|a 1st ed.
|
| 264 |
|
1 |
|a New Delhi :
|b Jayaprints,
|c 1980.
|
| 300 |
|
|
|a 1 portfolio (8 unnumbered pages, 70 unnumbered leaves of plates (some folded)) :
|b chiefly maps ;
|c 51 cm.
|
| 336 |
|
|
|a text
|b txt
|2 rdacontent
|
| 337 |
|
|
|a unmediated
|b n
|2 rdamedia
|
| 338 |
|
|
|a volume
|b nc
|2 rdacarrier
|
| 500 |
|
|
|a Scale of maps varies.
|
| 650 |
|
0 |
|a Early maps.
|
| 651 |
|
0 |
|a India
|v Maps
|x History.
|
| 999 |
|
|
|a MARS
|
| 999 |
f |
f |
|s 654dbd07-c4b9-3dd6-a327-8dbcbf7787c0
|i b7759780-d33c-3060-8cbd-d11bdfea1030
|t 0
|
| 952 |
f |
f |
|p noncirc
|a Texas A&M University
|b College Station
|c Sterling C. Evans Library
|d Evans: Maps (2nd floor)
|t 0
|e GA1131 .G68
|f Oversize
|h Library of Congress classification
|i unmediated -- volume
|m A14800283427
|
| 998 |
f |
f |
|a GA1131 .G68
|t 0
|l Evans: Maps (2nd floor)
|